Perspektívy podnikania v Afrike - Podnikanie v Angole, Keni a Líbyi zborník z piatej vedecko-podnikateľskej konferencie

Salvato in:
Dettagli Bibliografici
Enti autori: Perspektívy podnikania v Afrike - Podnikanie v Angole, Keni a Líbyi. Vedecko-podnikateľská konferencia, Národná agentúra pre rozvoj malého a stredného podnikania
Altri autori: Aleksanyan, Tigran
Natura: Libro
Lingua:slovacco
inglese
Pubblicazione: Bratislava QPQ 2010
Soggetti:
Tags: Aggiungi Tag
Nessun Tag, puoi essere il primo ad aggiungerne!!

MARC

LEADER 00000nam a2200000 4500
001 0124676
005 20230120075217.4
020 |a 978-80-88957-55-3 
041 0 |a slo 
041 0 |a eng 
044 |a SK 
245 1 0 |a Perspektívy podnikania v Afrike - Podnikanie v Angole, Keni a Líbyi  |b zborník z piatej vedecko-podnikateľskej konferencie  |c koordinátor konferenčného zborníka: Tigran Aleksanyan 
264 1 |a Bratislava  |b QPQ  |c 2010 
300 |a 48 s. 
610 2 0 |a podnikanie 
610 2 0 |a podnikanie medzinárodné 
610 2 0 |a situácia hospodárska 
610 2 0 |a prostredie podnikateľské 
610 2 0 |a projekty 
700 1 |a Aleksanyan, Tigran 
110 2 |a Perspektívy podnikania v Afrike - Podnikanie v Angole, Keni a Líbyi. Vedecko-podnikateľská konferencia 
710 2 |a Národná agentúra pre rozvoj malého a stredného podnikania